Conflicto del Golfo Pérsico (Record no. 10617)

MARC details
000 -LEADER
campo de control de longitud fija 00523nmm a2200181 a 4500
003 - IDENTIFICADOR DE NÚMERO DE CONTROL
campo de control AR-BaBNM
005 - FECHA Y HORA DE LA ÚLTIMA TRANSACCIÓN
campo de control 20251128205244.0
008 - DATOS DE LONGITUD FIJA--INFORMACIÓN GENERAL
campo de control de longitud fija 011101s[s.f ||||||||||||||000 | spa||
040 ## - FUENTE DE CATALOGACIÓN
Centro/agencia transcriptor AR-BaBNM
110 2# - ENTRADA PRINCIPAL--NOMBRE DE ENTIDAD CORPORATIVA
Nombre de entidad corporativa o nombre de jurisdicción como elemento de entrada Fundación Integración
245 10 - MENCIÓN DEL TÍTULO
Título Conflicto del Golfo Pérsico
Resto del título visiones políticas, operacional y espacial
260 ## - PUBLICACIÓN, DISTRIBUCIÓN, ETC.
Lugar de publicación, distribución, etc. [S.l.]
Nombre del editor, distribuidor, etc. [s.n.]
Fecha de publicación, distribución, etc. [s.f.]
700 1# - ENTRADA AGREGADA--NOMBRE PERSONAL
Nombre de persona Cirino, Julio A.
700 1# - ENTRADA AGREGADA--NOMBRE PERSONAL
Nombre de persona Castellanos, Luis M.
700 1# - ENTRADA AGREGADA--NOMBRE PERSONAL
Nombre de persona Rosenthal, Eduardo A.
700 1# - ENTRADA AGREGADA--NOMBRE PERSONAL
Nombre de persona Domínguez, Néstor Antonio
942 ## - ELEMENTOS DE ENTRADA SECUNDARIOS (KOHA)
Tipo de ítem Koha Libros
Holdings
Estatus retirado Estado de pérdida Fuente de la clasificación o esquema de estantería Estado de daño Restricciones de uso No para préstamo Biblioteca de origen Biblioteca actual Fecha de adquisición Total de préstamos Signatura topográfica completa Código de barras Visto por última vez Precio de reemplazo Tipo de ítem Koha
    Clasificación Decimal Dewey   Acceso restringido No para préstamo Liberty Liberty 28/11/2025   327 CIR 105851 28/11/2025 28/11/2025 Libros